Loading...
| Fine Arts - Classical Music | 0 | 3 | 0 | 1 | 30 | 99 | 110.33 | 0 | 0 | 1.36 | 6.57 |
| Social Science | 0 | 3 | 0 | 1 | 30 | 41 | 69.67 | 0 | 2 | 10.75 | 18.73 |
| Science - Chemistry | 0 | 3 | 1 | 2 | 25 | 78 | 105.00 | 0 | 0 | 2.26 | 4.59 |
| Science - Biology | 0 | 2 | 1 | 0 | 15 | 89 | 93.00 | 0 | 0 | 0.92 | 6.14 |
| Religion | 0 | 1 | 0 | 1 | 10 | 85 | 85.00 | 0 | 0 | 1.83 | 2.08 |
| Popular Culture | 0 | 1 | 0 | 0 | 10 | 51 | 51.00 | 0 | 1 | 7.66 | 10.71 |
| Science - Other | 0 | 1 | 0 | 1 | 10 | 98 | 98.00 | 0 | 0 | 0.00 | 0.69 |
| Science - Physics | 0 | 1 | 0 | 1 | 10 | 100 | 100.00 | 0 | 0 | 0.62 | 1.39 |
| History - Other | 0 | 1 | 0 | 1 | 10 | 109 | 109.00 | 0 | 0 | 0.08 | 0.64 |